00363nam a2200085Ia 4500008004100000245011400041260000900155300009000164650002300254180130s9999 xx 000 0 und d cHoecker, Maximilian; Kunze, MarcelaAn on-demand scaling stereoscopic 3D video streaming service in the cloud c2016 aBook title: Cloud architecture and engineering--Acession number C20554; pages 153-162 aCLOUD ARCHITECTURE